| 000 | 00551nam a2200145Ia 4500 | ||
|---|---|---|---|
| 008 | 151213s9999 xx 000 0 und d | ||
| 100 | _aআলবার্ট রিস উইলিয়ামস। | ||
| 245 |
_aরুশ বিপ্লব - প্রবাহ। _cআলবার্ট রিস উইলিয়ামস। |
||
| 260 |
_aমস্কো _bপ্রগতি। |
||
| 300 | _a8515 p. | ||
| 650 | _abb | ||
| 650 | _aBengali Literature | ||
| 700 | _aআলবার্ট রিস উইলিয়ামস। | ||
| 999 |
_c4352 _d4352 |
||